000
00321nam a2200133Ia 4500
008
240624s9999 xx 000 0 und d
041
_a
eng
082
_a
174.4 ZAD
100
_a
ZADEK SIMON
245
_a
CIVIL CORPORATION
260
_c
2007
_a
London
_b
Earthscan
300
_a
xiv, : 288 : p. : cm. ; 23
365
_c
BPS
_b
25
999
_c
9127
_d
9127